| 000 | 01108cam a22002894a 4500 | ||
|---|---|---|---|
| 001 | 13723108 | ||
| 005 | 20050329075123.0 | ||
| 008 | 040917s2003 cc a | s00| 0 eng d | ||
| 010 | _a 2004447108 | ||
| 020 | _a9629961156 | ||
| 040 |
_aDLC _cDLC |
||
| 042 | _apcc | ||
| 050 | 0 | 0 |
_aHD69.P75 _b.T36 2003 |
| 082 |
_222 _a658.404 _bTAN |
||
| 100 | 1 |
_aTang, S. L. _q(Siu-lam) _eAuthor _922629 |
|
| 245 | 1 | 0 |
_aEconomic Feasibility of Projects : _bManagerial and Engineering Practice / _cS.L. Tang. |
| 250 | _a3rd ed. | ||
| 260 |
_aSha Tin, N.T., Hong Kong : _bChinese University Press, _cc2003. |
||
| 300 |
_avi, 173 p. : _bill. ; _c22 cm. |
||
| 541 | _aBacca ; | ||
| 650 | 0 |
_aProject management. _922630 |
|
| 650 | 0 |
_aProject management _xFinance. _922631 |
|
| 650 | 0 |
_aProject management _xCost effectiveness. _922632 |
|
| 942 |
_2ddc _cBB |
||
| 999 |
_c15026 _d15026 |
||